| 000 | 01201cad a22002415a 4500 | ||
|---|---|---|---|
| 001 | E154386 | ||
| 008 | 111122s2011 xxk f l 000 0 eng d | ||
| 035 | _a(Sirsi) u154386 | ||
| 041 | 0 | _aeng | |
| 110 | 2 |
_aScotland _kLaws, etc |
|
| 245 | 0 | 4 |
_aThe Scheme for Construction Contracts (Scotland) Amendment Regulations 2011 _h[electronic resource] |
| 260 |
_aEdinburgh _bScottish Government _c2011 |
||
| 490 | 0 |
_aSSI _v2011: 371 |
|
| 520 | _aThese Regulations amend the Scheme for Construction Contracts (Scotland) Regulations 1998, partly as a result of amendments made to the Housing Grants, Construction and Regeneration Act 1996 by the Local Democracy, Economic Development and Construction Act 2009. Comes into force 1 November 2011. | ||
| 590 | _aKA | ||
| 650 | 2 | 4 | _aSCHEME FOR CONSTRUCTION CONTRACTS (SCOTLAND) AMENDMENT REGULATIONS 2011 |
| 650 | 2 | 4 | _aHOUSING GRANTS, CONSTRUCTION AND REGENERATION ACT 1996 |
| 650 | 2 | 4 | _aLOCAL DEMOCRACY, ECONOMIC DEVELOPMENT AND CONSTRUCTION ACT 2009 |
| 651 | 4 |
_aScotland _y1999- |
|
| 690 |
_aProcurement _96260 |
||
| 856 | 4 | 0 |
_uhttps://www.legislation.gov.uk/ssi/2011/371/contents/made _zView the SSI free of charge at www.legislation.gov.uk |
| 942 | _n0 | ||
| 999 |
_c112965 _d112965 |
||